Normal view
MARC view
- Switched capacitor circuits
Entry Topical Term
001 - CONTROL NUMBER
- control field: 83490
003 - CONTROL NUMBER IDENTIFIER
- control field: NUST
005 - DATE AND TIME OF LATEST TRANSACTION
- control field: 20211027155752.0
008 - FIXED-LENGTH DATA ELEMENTS
- fixed length control field: 211027|| aca||aabn | a|a d
040 ## - CATALOGING SOURCE
- Original cataloging agency: NUST
- Transcribing agency: NUST
150 ## - HEADING--TOPICAL TERM
- Topical term or geographic name entry element: Switched capacitor circuits
- General subdivision: Design and construction
670 ## - SOURCE DATA FOUND
- Source citation: Work cat.: (NUST)33419: Cheung, Vincent S. L. (Vincent Sin-Luen) 83488, Design of low-voltage CMOS switched-opamp switched-capacitor systems /, c2003.
